[Event "III Miedzynarodowy Memorial Ireny Warakomskiej - Open C"]
[Site "Suwalki"]
[Date "2019.08.12"]
[Round "7.20"]
[White "Szewczyk, Malwina"]
[Black "Pieczulis, Hubert"]
[Result "1/2-1/2"]
[WhiteTitle ""]
[BlackTitle ""]
[WhiteElo "1330"]
[BlackElo "1224"]

1. d4 Nf6 2. Nf3 b6 3. e3 Bb7 4. Nbd2 e6 5. Bd3 d5 6. O-O Nbd7 7. b3 Be7 8. Bb2
O-O 9. Ne5 c5 10. f4 Ne4 11. Bxe4 dxe4 12. Qg4 Nf6 13. Qg3 Nh5 14. Qg4 Nf6 15.
Qg3 Nh5 16. Qg4 Nf6 17. Qg3 Nh5 18. Qg4 Nf6 1/2-1/2

[Event "III Miedzynarodowy Memorial Ireny Warakomskiej - Open C"]
[Site "Suwalki"]
[Date "2019.08.12"]
[Round "7.21"]
[White "Niedorys, Karolina "]
[Black "Sivickis, Andrejus "]
[Result "1/2-1/2"]
[WhiteTitle ""]
[BlackTitle ""]
[WhiteElo "1329"]
[BlackElo "1206"]

1. e4 c5 2. Nf3 e6 3. d4 cxd4 4. Nxd4 a6 5. Nc3 b5 6. a3 Bb7 7. Bd3 Qb6 8. Nb3
Nc6 9. Be3 Qc7 10. f4 d6 11. O-O Nf6 12. Qf3 Be7 13. Qg3 h5 14. h3 h4 15. Qf2
Nh5 16. Ne2 g6 17. Ned4 Bf6 18. Rab1 Kd7 19. Nxc6 Bxc6 20. f5 gxf5 21. exf5 e5
22. Nd2 Rhg8 23. Ne4 Qb7 24. Qf3 Ng3 25. Nxf6+ Ke7 26. Nxg8+ Rxg8 27. f6+ Kd8
28. Qf2 Nxf1 29. g4 hxg3 30. Qxf1 Bf3 1/2-1/2

[Event "III Miedzynarodowy Memorial Ireny Warakomskiej - Open C"]
[Site "Suwalki"]
[Date "2019.08.12"]
[Round "7.23"]
[White "Sprzeczka, Emilia"]
[Black "Dunda, Szymon"]
[Result "1/2-1/2"]
[WhiteTitle ""]
[BlackTitle ""]
[WhiteElo "1276"]
[BlackElo "1106"]

1. e4 a6 2. d4 b5 3. a3 Bb7 4. Nc3 e6 5. Nf3 d6 6. Bf4 Nf6 7. e5 dxe5 8. Nxe5 Bd6
9. Bd3 Nc6 10. Nxc6 Bxc6 11. Bxd6 Qxd6 12. O-O O-O 13. Ne2 Ng4 14. Ng3 f5 15.
Be2 Nf6 16. c3 Ne4 17. Nxe4 Bxe4 18. Bf3 Bxf3 19. Qxf3 Qd5 20. Qxd5 exd5 21. Rfe1
Rfe8 22. Re5 Rxe5 23. dxe5 Re8 24. f4 Kf7 25. Kf2 Ke6 26. Rd1 c6 27. b3 h6 28.
c4 Rc8 29. c5 a5 30. h3 g6 31. Ra1 Rd8 32. b4 a4 33. Rd1 Re8 34. Re1 Rd8 35. g4
Rf8 36. Kg3 Rf7 37. Kf3 Re7 38. Rg1 Re8 39. gxf5+ Kxf5 40. h4 Rh8 41. Rg2 Rh7
42. Rg4 Rh8 43. Rg3 Rh7 44. Rg1 Rh8 1/2-1/2

[Event "III Miedzynarodowy Memorial Ireny Warakomskiej - Open C"]
[Site "Suwalki"]
[Date "2019.08.12"]
[Round "7.24"]
[White "Gres, Rafal"]
[Black "Dietrich, Pawel"]
[Result "0-1"]
[WhiteTitle ""]
[BlackTitle ""]
[WhiteElo "1214"]
[BlackElo "1244"]

1. e4 c5 2. Nf3 d6 3. Bc4 g6 4. d4 cxd4 5. Qxd4 Nf6 6. O-O Nc6 7. Qd3 Bg7 8. h3
O-O 9. a3 Bd7 10. Nc3 a6 11. Be3 Rc8 12. Rab1 Na5 13. Ba2 Qc7 14. Rfc1 Nc4 15.
Bg5 Nxb2 16. Rxb2 Qxc3 17. Qxc3 Rxc3 18. Rxb7 Rxa3 19. Bxf7+ Rxf7 20. Bxf6 exf6
21. Rb6 Bh6 22. Rcb1 Bf4 23. Ne1 Bb5 24. g3 Be5 25. Kg2 Rd7 26. Nf3 Be2 27. Nd2
Ra1 28. Rb8+ Kf7 29. R1b3 a5 30. Rh8 a4 31. Rbb8 Ke6 32. Rbe8+ Re7 33. Ra8 Bc3
34. Nf3 Bxf3+ 35. Kxf3 a3 36. Rhc8 Bb2 37. c4 Bd4 38. Ra6 Ra7 39. Re8+ 0-1

[Event "III Miedzynarodowy Memorial Ireny Warakomskiej - Open C"]
[Site "Suwalki"]
[Date "2019.08.12"]
[Round "7.27"]
[White "Gladyszewski, Adam "]
[Black "Kudraszow, Filip "]
[Result "1-0"]
[WhiteTitle ""]
[BlackTitle ""]
[WhiteElo "1216"]
[BlackElo "1056"]

1. Nf3 d5 2. d4 Nf6 3. c4 e6 4. Bg5 Be7 5. Nc3 h6 6. Bh4 c6 7. e3 Nbd7 8. Bd3 dxc4
9. Bxc4 Nb6 10. Bb3 Nbd5 11. O-O O-O 12. h3 Bd7 13. Ne5 Re8 14. Re1 Rc8 15. Rc1
Nxc3 16. bxc3 Nd5 17. Bxe7 Qxe7 18. c4 Nb6 19. Qd3 Rcd8 20. Nxd7 Rxd7 21. Rb1
Red8 22. Bc2 Qf6 23. Qa3 Nxc4 24. Qxa7 Qe7 25. Qa4 Nd6 26. Rb3 Kf8 27. Reb1 Kg8
28. Qb4 Kf8 29. a4 Kg8 30. Qc3 Kf8 31. Qd3 Qf6 32. Qc3 Kg8 33. Bd1 Ne4 34. Qc2
Nd6 35. Bf3 Qe7 36. a5 Kh8 37. Qc5 Kg8 38. Rb6 Ra8 39. Be2 Ne4 40. Qxe7 Rxe7 41.
Rxb7 Rxb7 42. Rxb7 Rxa5 43. Rb8+ Kh7 44. Bd3 f5 45. Bxe4 fxe4 46. Rc8 Ra6 47.
Re8 c5 48. dxc5 Rc6 49. Kh2 Rxc5 50. Rxe6 Rf5 51. Kg1 1-0

[Event "III Miedzynarodowy Memorial Ireny Warakomskiej - Open C"]
[Site "Suwalki"]
[Date "2019.08.12"]
[Round "7.28"]
[White "Milewski, Mateusz"]
[Black "Olszewski, Piotr "]
[Result "1/2-1/2"]
[WhiteTitle ""]
[BlackTitle ""]
[WhiteElo "1207"]
[BlackElo "1125"]

1. e4 d5 2. exd5 Qxd5 3. Nc3 Qa5 4. Nf3 Nf6 5. g3 Bf5 6. Bg2 c6 7. O-O e6 8. d3
Be7 9. a3 O-O 10. Bd2 Qc7 11. Re1 Nbd7 12. Qe2 Bd6 13. Ne4 Nxe4 14. dxe4 Bg4 15.
Bc3 Be5 16. Qe3 Bxc3 17. Qxc3 Bxf3 18. Bxf3 e5 19. Rad1 Rfd8 20. Rd2 f6 21. Red1
Nb6 22. Qb3+ Kh8 23. Bg4 Rxd2 24. Rxd2 g6 25. Qe6 Kg7 26. Rd6 Qf7 27. Qxf7+ Kxf7
1/2-1/2

[Event "III Miedzynarodowy Memorial Ireny Warakomskiej - Open C"]
[Site "Suwalki"]
[Date "2019.08.12"]
[Round "7.29"]
[White "Galaszewski, Karol "]
[Black "Dietrich, Grzegorz "]
[Result "1/2-1/2"]
[WhiteTitle ""]
[BlackTitle ""]
[WhiteElo "1108"]
[BlackElo "1203"]

1. e4 c5 2. Nf3 Nc6 3. d4 cxd4 4. Nxd4 g6 5. Nc3 Bg7 6. Be3 Nf6 7. Be2 O-O 8. h3
d5 9. exd5 Nb4 10. Qd2 Nbxd5 11. Nxd5 Nxd5 12. O-O-O Nxe3 13. Qxe3 Qb6 14. c3
Be6 15. Nxe6 Qxe3+ 16. fxe3 fxe6 17. Rd7 Bf6 18. Kb1 1/2-1/2

[Event "III Miedzynarodowy Memorial Ireny Warakomskiej - Open C"]
[Site "Suwalki"]
[Date "2019.08.12"]
[Round "7.30"]
[White "Borowik, Karol "]
[Black "Makarec, Anna"]
[Result "1-0"]
[WhiteTitle ""]
[BlackTitle ""]
[WhiteElo "1183"]
[BlackElo "1099"]

1. e4 e5 2. Nf3 Nc6 3. Bb5 a6 4. Ba4 Nf6 5. d3 Be7 6. O-O b5 7. Bb3 d6 8. c3 h6
9. h3 Bb7 10. Nbd2 O-O 11. Re1 Na5 12. Bc2 c5 13. Nf1 Re8 14. Ng3 Bf8 15. Nf5
Kh7 16. Nh2 g6 17. Ng3 d5 18. Ng4 Nxg4 19. Qxg4 dxe4 20. dxe4 Bg7 21. f4 h5 22.
Qf3 exf4 23. Bxf4 f5 24. Qf2 g5 25. Rad1 Bd4 26. cxd4 gxf4 27. Nxf5 cxd4 28. Qxf4
Qb6 29. Kh1 Rad8 30. Nd6 Rf8 31. e5+ Be4 32. Qxe4+ Kg7 33. Qg6+ Kh8 34. Qh7# 1-0

[Event "III Miedzynarodowy Memorial Ireny Warakomskiej - Open C"]
[Site "Suwalki"]
[Date "2019.08.12"]
[Round "7.32"]
[White "Kruszynski, Jacek"]
[Black "Iracki, Piotr"]
[Result "0-1"]
[WhiteTitle ""]
[BlackTitle ""]
[WhiteElo "1104"]
[BlackElo "1116"]

1. d4 d5 2. c4 e6 3. Nc3 Nf6 4. Nf3 Nbd7 5. e3 c6 6. cxd5 exd5 7. g3 Bb4 8. Qc2
h6 9. Bd2 O-O 10. Bg2 Re8 11. O-O Ba5 12. Rfc1 Nf8 13. Ne1 Ng6 14. Na4 Bxd2 15.
Qxd2 Ne4 16. Qc2 Bf5 17. Qd1 Qg5 18. Nf3 Qe7 19. Nc5 Rac8 20. Nxe4 Bxe4 21. Ne1
Qg5 22. Rc3 Re6 23. Qd2 Rf6 24. Bxe4 dxe4 25. d5 Rd6 26. Rd1 Rcd8 27. Qc2 cxd5
28. Rc8 Kh7 29. Rc7 R8d7 30. b3 Qd8 31. Rxd7 Qxd7 32. Rd2 Ne5 33. Kg2 f5 34. f4
exf3+ 35. Nxf3 Nxf3 36. Kxf3 g6 37. Qd1 g5 38. h3 Kg6 39. g4 fxg4+ 40. hxg4 Qf7+
41. Kg3 Qe6 42. Qc2+ Kg7 43. Qc3+ Qf6 44. Qd4 Qxd4 45. Rxd4 Kf6 46. e4 Ke5 47.
Rb4 dxe4 48. Rxb7 Rd3+ 49. Kf2 Rd2+ 50. Ke3 Rxa2 51. Re7+ Kd5 52. Rd7+ Ke6 53.
Rd4 Ra5 54. Rxe4+ Re5 55. b4 Kd6 56. Rxe5 Kxe5 57. b5 Kd5 58. Kd3 Kc5 59. Ke4
Kxb5 60. Kf5 a5 61. Kg6 a4 62. Kxh6 a3 63. Kxg5 a2 64. Kh5 a1=Q 65. g5 Qg7 66.
g6 Kc6 67. Kg5 Kd6 68. Kf5 Ke7 0-1

[Event "III Miedzynarodowy Memorial Ireny Warakomskiej - Open C"]
[Site "Suwalki"]
[Date "2019.08.12"]
[Round "8.1"]
[White "Czarniecki, Pawel"]
[Black "Konewko, Konrad"]
[Result "0-1"]
[WhiteTitle ""]
[BlackTitle ""]
[WhiteElo "1570"]
[BlackElo "1544"]

1. e4 c5 2. Nf3 Nc6 3. d4 cxd4 4. Nxd4 Nf6 5. Nc3 e5 6. Ndb5 d6 7. a4 a6 8. Na3
Be6 9. Bc4 Be7 10. Be3 O-O 11. f3 Qc7 12. Bxe6 fxe6 13. Nc4 Nd4 14. Na3 Nc6 15.
O-O Rad8 16. Nc4 Na5 17. Nxa5 Qxa5 18. Qd2 d5 19. Nxd5 Qxd2 20. Nxe7+ Kf7 21.
Bxd2 Rxd2 22. Rf2 Rxf2 23. Kxf2 Kxe7 24. Ke2 Rd8 25. Ra3 Nd7 26. Rc3 Nb8 27. Rc7+
Rd7 28. Rc8 Nc6 29. c3 Kd6 30. b4 Rd8 31. Rxd8+ Nxd8 32. Kd3 a5 33. Kc4 Kc6 34.
bxa5 Nf7 35. h3 Nd6+ 36. Kb4 Ne8 37. Kc4 Nc7 38. h4 Na6 39. g3 Nc5 40. Kb4 Nd3+
41. Kc4 Ne1 42. f4 exf4 43. gxf4 Ng2 44. Kd4 Nxf4 45. Ke5 Ng6+ 46. Kxe6 Nxh4 47.
Ke5 g5 48. Kd4 g4 49. Ke3 g3 0-1

[Event "III Miedzynarodowy Memorial Ireny Warakomskiej - Open C"]
[Site "Suwalki"]
[Date "2019.08.12"]
[Round "8.2"]
[White "Olszewski, Piotr "]
[Black "Zydorczak, Marek "]
[Result "0-1"]
[WhiteTitle ""]
[BlackTitle ""]
[WhiteElo "1125"]
[BlackElo "1521"]

1. e4 c5 2. Nf3 Nc6 3. d4 cxd4 4. Nxd4 e6 5. Nc3 Nf6 6. Bd3 Nxd4 7. e5 Nd5 8. Nxd5
exd5 9. Bxh7 Nc6 10. Bf5 d6 11. Bxc8 Rxc8 12. exd6 Qxd6 13. g3 Qe5+ 14. Kf1 Qe4
15. f3 Qc4+ 16. Kg2 d4 17. Re1+ Be7 18. Re4 Qc5 19. Rg4 Ne5 20. Rxd4 Qxc2+ 21.
Qxc2 Rxc2+ 22. Rd2 Rxd2+ 23. Bxd2 Rxh2+ 24. Kxh2 Nxf3+ 25. Kg2 Nxd2 0-1

[Event "III Miedzynarodowy Memorial Ireny Warakomskiej - Open C"]
[Site "Suwalki"]
[Date "2019.08.12"]
[Round "8.3"]
[White "Arciszewska, Zuzanna "]
[Black "Zmarzly, Wiktor"]
[Result "1/2-1/2"]
[WhiteTitle ""]
[BlackTitle ""]
[WhiteElo "1499"]
[BlackElo "1285"]

1. e4 c5 2. Nf3 Nc6 3. d4 cxd4 4. Nxd4 Nf6 5. Nc3 d6 6. Bg5 Qb6 7. Nb3 h6 8. Be3
Qd8 9. Bd3 Ne5 10. O-O Nfg4 11. Qe2 Nxd3 12. cxd3 Nxe3 13. Qxe3 e6 14. Rac1 Bd7
15. f4 Be7 16. Nd4 Qb6 17. Qf2 Bf6 18. Ndb5 Qxf2+ 19. Rxf2 Ke7 20. Rfc2 a6 21.
Na3 Bd4+ 22. Kh1 Be3 23. Rf1 b5 24. Ne2 Rac8 25. g3 Rxc2 26. Nxc2 Bb6 27. Kg2
Rc8 28. Rc1 f6 29. Kf3 Be8 30. h3 a5 31. Ne3 Rxc1 32. Nxc1 Bc6 33. Ne2 Bxe3 34.
Kxe3 d5 35. Nd4 Bd7 36. Nb3 a4 37. Nc5 Kd6 38. Na6 Bc8 39. Nb4 Bb7 40. a3 dxe4
41. dxe4 Kc5 42. Kd3 f5 43. exf5 exf5 44. Kc3 g5 45. Nc2 Be4 46. Nd4 gxf4 47.
Ne6+ Kd6 48. Nxf4 Ke5 49. Ng6+ Kf6 50. Nf4 Ke5 51. Ng6+ Kf6 52. Nf4 Ke5 53. Ng6+
Kf6 54. Nf4 Ke5 55. Ng6+ Kf6 56. Nf4 Ke5 57. Ng6+ Kf6 58. Nf4 1/2-1/2

[Event "III Miedzynarodowy Memorial Ireny Warakomskiej - Open C"]
[Site "Suwalki"]
[Date "2019.08.12"]
[Round "8.4"]
[White "Kieca, Aleksandra"]
[Black "Sapinski, Sebastian"]
[Result "0-1"]
[WhiteTitle ""]
[BlackTitle ""]
[WhiteElo "1453"]
[BlackElo "1495"]

1. d4 e6 2. Nf3 Nf6 3. e3 d5 4. Bd3 Bd6 5. O-O O-O 6. b3 Nbd7 7. Bb2 b6 8. Nbd2
Bb7 9. c4 c5 10. Rc1 Rc8 11. Bb1 Qe7 12. Qe2 e5 13. dxe5 Nxe5 14. Nxe5 Bxe5 15.
Bxe5 Qxe5 16. Nf3 Qh5 17. Rfe1 dxc4 18. Rxc4 Ba6 19. Qc2 Bxc4 20. bxc4 Rfd8 21.
e4 g6 22. Qc3 Ne8 23. e5 Ng7 24. Be4 Ne6 25. Bd5 Nf4 26. Be4 Rd1 27. Qe3 Rxe1+
28. Qxe1 Rd8 29. h3 g5 30. Nd2 g4 31. hxg4 Qxg4 32. Bf3 Qg5 33. Ne4 Qxe5 34. Qe3
Rd3 35. Qc1 Rxf3 0-1

[Event "III Miedzynarodowy Memorial Ireny Warakomskiej - Open C"]
[Site "Suwalki"]
[Date "2019.08.12"]
[Round "8.5"]
[White "Hancharevich, Heorhi "]
[Black "Ptaszynski, Szymon "]
[Result "0-1"]
[WhiteTitle ""]
[BlackTitle ""]
[WhiteElo "1360"]
[BlackElo "1484"]

1. e4 c5 2. Nf3 e6 3. d4 cxd4 4. Nxd4 a6 5. Bd3 Nf6 6. Nc3 Qc7 7. Be3 d6 8. f3
Nbd7 9. Qd2 Be7 10. O-O O-O 11. Rac1 b6 12. Nd1 Bb7 13. Nf2 Rac8 14. c4 Rfe8 15.
b3 Bf8 16. Bb1 g6 17. Ne2 Qb8 18. Ng3 d5 19. f4 dxe4 20. Nfxe4 Red8 21. Qf2 Nxe4
22. Bxe4 Nc5 23. Bb1 Ba8 24. Rcd1 a5 25. Kh1 Rc7 26. f5 Rxd1 27. Rxd1 Rd7 28.
Rxd7 Nxd7 29. fxe6 fxe6 30. Ne4 Bxe4 31. Bxe4 Bc5 32. Bxc5 Nxc5 33. Bc6 Kg7 34.
Be8 0-1

[Event "III Miedzynarodowy Memorial Ireny Warakomskiej - Open C"]
[Site "Suwalki"]
[Date "2019.08.12"]
[Round "8.6"]
[White "Werner, Kacper "]
[Black "Kitewski, Bartosz"]
[Result "0-1"]
[WhiteTitle ""]
[BlackTitle ""]
[WhiteElo "1435"]
[BlackElo "1479"]

1. e4 e6 2. d4 d5 3. exd5 exd5 4. Bd3 Bd6 5. Nf3 Ne7 6. O-O O-O 7. Bg5 f6 8. Bh4
Bf5 9. Bg3 Nbc6 10. c3 Re8 11. Re1 Qd7 12. Qc2 Bxd3 13. Qxd3 Nf5 14. Bxd6 Nxd6
15. Nbd2 Na5 16. b4 Nac4 17. Nxc4 Nxc4 18. Rxe8+ Rxe8 19. Re1 Rxe1+ 20. Nxe1 Qe6
21. Nf3 Qe4 22. Qd1 Nb2 23. Qc1 Qe2 24. Ne1 Nd1 0-1

[Event "III Miedzynarodowy Memorial Ireny Warakomskiej - Open C"]
[Site "Suwalki"]
[Date "2019.08.12"]
[Round "8.7"]
[White "Tomicki, Marek "]
[Black "Wydornik, Robert "]
[Result "1/2-1/2"]
[WhiteTitle ""]
[BlackTitle ""]
[WhiteElo "1471"]
[BlackElo "1391"]

1. d4 d5 2. c4 e6 3. Nc3 Nf6 4. e3 Be7 5. Nf3 O-O 6. Bd3 dxc4 7. Bxc4 c5 8. O-O
cxd4 9. Nxd4 Qc7 10. Qe2 a6 11. a3 b5 12. Bd3 Bb7 13. Bd2 Nc6 14. Nxc6 Qxc6 15.
e4 Rfd8 16. Rfd1 Rd7 17. Rac1 Qd6 18. Be3 Qe5 19. f4 Qh5 20. Qxh5 Nxh5 21. e5
g6 22. Be2 Rad8 23. Bxh5 gxh5 24. Rxd7 Rxd7 25. Rd1 Rxd1+ 26. Nxd1 f6 27. Kf2
Kf7 28. g3 Bf8 29. exf6 Kxf6 30. Bd4+ Kf7 31. Ke3 Bd6 32. Nf2 b4 33. axb4 Bxb4
34. Nd3 Bf8 35. Ne5+ Ke8 36. Nf3 Bxf3 37. Kxf3 Kf7 38. Ke4 Be7 39. Be5 Bc5 40.
Bd4 Be7 41. Kd3 Kg6 42. Ke4 Bd6 43. h3 Bb4 44. Ke5 Kf7 45. g4 hxg4 46. hxg4 Bf8
47. Ke4 Kg6 48. b3 Bd6 49. f5+ exf5+ 50. gxf5+ Kf7 51. Kd5 Be7 52. Kc6 Bf6 53.
Be3 Bc3 54. Bg5 h5 55. Kb6 a5 56. Kc6 Bf6 57. Bf4 h4 58. Kd5 Bc3 59. Ke4 Kf6 60.
Bc7 Be1 61. Kf3 Kxf5 62. Bxa5 Bxa5 63. Kg2 Kg4 64. b4 Bb6 65. b5 h3+ 66. Kh1 Kf3
67. Kh2 1/2-1/2

[Event "III Miedzynarodowy Memorial Ireny Warakomskiej - Open C"]
[Site "Suwalki"]
[Date "2019.08.12"]
[Round "8.8"]
[White "Fudala, Dominik"]
[Black "Pieczulis, Blazej"]
[Result "1/2-1/2"]
[WhiteTitle ""]
[BlackTitle ""]
[WhiteElo "1470"]
[BlackElo "1439"]

1. e4 e6 2. d4 d5 3. Nc3 Nf6 4. Bg5 Bb4 5. e5 h6 6. Bh4 g5 7. Bg3 Ne4 8. Nge2 c5
9. a3 Ba5 10. dxc5 Nxc3 11. Nxc3 Bxc3+ 12. bxc3 Qa5 13. Qd3 Nc6 14. Be2 d4 15.
h4 Rg8 16. Kf1 Qxc3 17. Qxc3 dxc3 18. Rd1 Bd7 19. Rd3 O-O-O 20. hxg5 hxg5 21.
f3 Ne7 22. Rxc3 Nd5 23. Rb3 Ba4 24. Rb2 Bxc2 25. Kf2 Ba4 26. Rc1 Rd7 27. Bd1 Bxd1
28. Rxd1 Rgd8 29. Rc1 Rc7 30. Rbc2 Kd7 31. Bh2 Rdc8 32. Kg3 Rc6 33. Bg1 Ra6 34.
Ra1 Ra5 35. Rd2 Ke7 36. Rb2 Rc7 37. Kg4 f6 38. exf6+ Kxf6 39. Rab1 b6 40. Bd4+
Kf7 41. cxb6 axb6 42. Bxb6 Rc4+ 43. Kg3 Rxa3 44. Rb3 Rxb3 45. Rxb3 Nxb6 46. Rxb6
1/2-1/2

[Event "III Miedzynarodowy Memorial Ireny Warakomskiej - Open C"]
[Site "Suwalki"]
[Date "2019.08.12"]
[Round "8.9"]
[White "Stefaniuk, Zbigniew"]
[Black "Kutylo, Konrad "]
[Result "1-0"]
[WhiteTitle ""]
[BlackTitle ""]
[WhiteElo "1467"]
[BlackElo "1303"]

1. e4 e6 2. d4 d5 3. Nd2 c5 4. exd5 Qxd5 5. Ngf3 Nf6 6. Bc4 Qd8 7. O-O cxd4 8.
Nb3 Nc6 9. Nbxd4 Nxd4 10. Nxd4 a6 11. Re1 Be7 12. c3 Qc7 13. Bb3 Bd7 14. Qf3 Bd6
15. Nf5 Bxh2+ 16. Kh1 O-O 17. Nxg7 Kxg7 18. Bh6+ Kg6 19. Bc2+ Ne4 20. Bxf8 Rxf8
21. Qxe4+ f5 22. Qg4+ 1-0

[Event "III Miedzynarodowy Memorial Ireny Warakomskiej - Open C"]
[Site "Suwalki"]
[Date "2019.08.12"]
[Round "8.10"]
[White "Bartnik, Michal"]
[Black "Wojdak, Karol"]
[Result "0-1"]
[WhiteTitle ""]
[BlackTitle ""]
[WhiteElo "1210"]
[BlackElo "1457"]

1. e4 e5 2. Nf3 Nc6 3. d4 exd4 4. Bc4 Bb4+ 5. c3 dxc3 6. bxc3 Ba5 7. Qd5 Qe7 8.
Ng5 Nf6 9. Qxf7+ Qxf7 10. Nxf7 Rf8 11. O-O Rxf7 12. Bxf7+ Kxf7 13. f3 Bb6+ 14.
Kh1 Ne5 15. h3 d6 16. Nd2 Nd3 17. Nb3 Nh5 18. Kh2 Nhf4 19. Bxf4 Nxf4 20. Rfe1
Bd7 21. Rad1 Ba4 22. Rd2 Re8 23. g3 Ne6 24. e5 Ng5 25. Kg2 Bc6 26. Rf1 Rxe5 27.
g4 Re3 28. Nd4 Bxd4 29. cxd4 Rxf3 30. d5 Rxf1 31. Kxf1 Bb5+ 32. Kg2 c6 33. Rf2+
Ke7 34. Rf5 h6 35. h4 Nf7 36. Kg3 c5 37. Rf2 Bd7 38. Rb2 b5 39. Kf4 a5 40. g5
hxg5+ 41. hxg5 Ne5 42. Rh2 a4 43. Rh7 Kf7 44. Rh2 b4 45. Ke4 Kg8 46. Kf4 c4 47.
Re2 b3 48. axb3 axb3 49. Ke4 g6 50. Kd4 Bf5 51. Rg2 Bd3 52. Kc3 Nf3 53. Rg3 Ne5
54. Re3 Kf7 55. Kb2 Ke7 56. Kc3 Kd7 57. Kb2 Kc7 58. Kc3 Kb6 59. Re1 Kc5 60. Ra1
Kxd5 61. Ra5+ Ke6 62. Ra6 b2 0-1

[Event "III Miedzynarodowy Memorial Ireny Warakomskiej - Open C"]
[Site "Suwalki"]
[Date "2019.08.12"]
[Round "8.11"]
[White "Bednarski, Pawel "]
[Black "Wojtacha, Krzysztof"]
[Result "0-1"]
[WhiteTitle ""]
[BlackTitle ""]
[WhiteElo "1135"]
[BlackElo "1446"]

1. e4 c5 2. Nc3 Nc6 3. Nf3 g6 4. d3 Bg7 5. Bd2 e6 6. g3 Nge7 7. Bg2 O-O 8. O-O
d5 9. exd5 exd5 10. Qc1 Re8 11. Ne2 Bf5 12. Nf4 Qd7 13. h4 Rad8 14. h5 Ne5 15.
Nxe5 Bxe5 16. hxg6 fxg6 17. Re1 Bg7 18. Rb1 d4 19. b4 cxb4 20. Rxb4 Nc6 21. Rxe8+
Rxe8 22. Bxc6 Qxc6 23. Rc4 Qf3 24. Qf1 g5 25. Ng2 Be6 26. Rc5 Bd5 27. Kh2 h5 28.
a4 Be5 29. Ne1 Bxg3+ 30. fxg3 Qxf1 31. Rxd5 Re2+ 0-1

[Event "III Miedzynarodowy Memorial Ireny Warakomskiej - Open C"]
[Site "Suwalki"]
[Date "2019.08.12"]
[Round "8.12"]
[White "Businski, Karol"]
[Black "Borowik, Monika"]
[Result "0-1"]
[WhiteTitle ""]
[BlackTitle ""]
[WhiteElo "1441"]
[BlackElo "1216"]

1. e4 c5 2. Nf3 d6 3. d4 cxd4 4. Nxd4 a6 5. Nc3 Nf6 6. Bg5 e6 7. f4 Be7 8. Qf3
Nbd7 9. O-O-O Qc7 10. Kb1 b5 11. a3 Bb7 12. Be2 O-O 13. Qh3 Rfe8 14. Bf3 Nc5 15.
Rhe1 Rad8 16. e5 dxe5 17. fxe5 Nd5 18. Nxd5 Bxd5 19. Bxe7 Rxe7 20. Bxd5 Rxd5 21.
Nf3 Red7 22. Rxd5 Rxd5 23. Qg4 Qd7 24. Qf4 a5 25. Qe3 Qc6 26. Qc3 Qb6 27. Qe3
b4 28. axb4 Qxb4 29. Qa3 Qb5 30. Qc3 h6 31. Nd4 Qa4 32. Nf3 Kh7 33. Nd2 Qf4 34.
Nf3 Qg4 35. Re2 Qa4 36. Nd2 Qg4 37. Nf3 Rd1+ 38. Ka2 Qa4+ 39. Qa3 Qc4+ 40. b3
Qxe2 41. Qxc5 Qf1 42. Qe7 Qxg2 0-1

[Event "III Miedzynarodowy Memorial Ireny Warakomskiej - Open C"]
[Site "Suwalki"]
[Date "2019.08.12"]
[Round "8.13"]
[White "Owczarek, Monika "]
[Black "Szczotka, Matylda"]
[Result "1-0"]
[WhiteTitle ""]
[BlackTitle ""]
[WhiteElo "1439"]
[BlackElo "1298"]

1. c4 e5 2. Nc3 Nf6 3. g3 d5 4. cxd5 Nxd5 5. Bg2 Nb6 6. Nf3 Bd6 7. d3 O-O 8. O-O
N8d7 9. b3 Re8 10. Bb2 c6 11. Nd2 Nf6 12. Nce4 Nxe4 13. Nxe4 Bc7 14. b4 Nd5 15.
a3 h6 16. Qc2 Bb6 17. Rac1 Be6 18. Nc5 Bxc5 19. Qxc5 f6 20. b5 cxb5 21. Qxb5 Rb8
22. Rc2 a6 23. Qa4 Rc8 24. Rxc8 Qxc8 25. Rc1 Qd8 26. Qc2 Qd7 27. Qc5 Rd8 28. Qa5
Bh3 29. Bxh3 Qe7 30. Bg2 Qd7 31. Bxd5+ Qxd5 32. Qc5 Qb3 33. Qc4+ Qxc4 34. Rxc4
Rd6 35. Bc1 Rb6 36. Rb4 Rxb4 37. axb4 Kf7 38. Kg2 Ke6 39. e4 Kd6 40. Kf3 Ke6 41.
Ke3 Kd6 42. f4 exf4+ 43. Kxf4 Ke6 44. h4 b6 45. Bd2 g6 46. Kg4 Kf7 47. h5 gxh5+
48. Kxh5 Kg7 49. Bxh6+ 1-0

[Event "III Miedzynarodowy Memorial Ireny Warakomskiej - Open C"]
[Site "Suwalki"]
[Date "2019.08.12"]
[Round "8.15"]
[White "Pojawa, Jakub"]
[Black "Kaminski, Lukasz "]
[Result "1/2-1/2"]
[WhiteTitle ""]
[BlackTitle ""]
[WhiteElo "1191"]
[BlackElo "1425"]

1. f4 b6 2. Nf3 Bb7 3. g3 Nc6 4. Bg2 g6 5. d3 Bg7 6. e4 d6 7. Nc3 Qd7 8. Bd2 Nf6
9. Qe2 Qg4 10. e5 Nd7 11. exd6 cxd6 12. Nb5 O-O 13. Bc3 a6 14. Bxg7 Kxg7 15. Nc3
Rfe8 16. Nh4 Qxe2+ 17. Nxe2 e5 18. O-O Nf6 19. Nc3 Ng4 20. Nd5 Rab8 21. h3 Nh6
22. Nxb6 Nd4 23. Bxb7 Rxb7 24. Nc4 Rd7 25. c3 Nc6 26. Rae1 f6 27. Re2 Rb8 28.
Ne3 1/2-1/2

[Event "III Miedzynarodowy Memorial Ireny Warakomskiej - Open C"]
[Site "Suwalki"]
[Date "2019.08.12"]
[Round "8.16"]
[White "Oborska, Magda "]
[Black "Gladyszewski, Adam "]
[Result "1-0"]
[WhiteTitle ""]
[BlackTitle ""]
[WhiteElo "1422"]
[BlackElo "1216"]

1. e4 c5 2. Nf3 d6 3. d4 cxd4 4. Nxd4 Nf6 5. Nc3 a6 6. g3 e5 7. Nf3 Be7 8. Bg2
Bg4 9. O-O Nbd7 10. Re1 Rc8 11. Bg5 h6 12. Bxf6 Nxf6 13. Qd3 Qc7 14. Rac1 Be6
15. a3 b5 16. Nd2 O-O 17. Nd5 Nxd5 18. exd5 Bg4 19. h3 Bh5 20. Be4 Bg5 21. g4
Bxd2 22. Qxd2 Bg6 23. Kh2 f5 24. Bg2 fxg4 25. hxg4 Qc4 26. f3 Bxc2 27. Re2 Qd3
28. Rxc2 Qxd2 29. Rexd2 Ra8 30. Rc6 Rfd8 31. Rdc2 Kf8 32. Rb6 Ke7 33. Rcc6 Rd7
34. Rxa6 Rxa6 35. Rxa6 Rc7 36. b4 Rc4 37. Ra5 Rc3 38. Rxb5 Rxa3 39. Rb7+ Kf6 40.
Rd7 Ra6 41. b5 Rb6 42. Bf1 g6 43. Rc7 e4 44. fxe4 Ke5 45. Rc6 Rb7 46. b6 h5 47.
gxh5 gxh5 48. Ba6 Rb8 49. b7 Kxe4 50. Rc8 Rxb7 51. Bxb7 1-0

[Event "III Miedzynarodowy Memorial Ireny Warakomskiej - Open C"]
[Site "Suwalki"]
[Date "2019.08.12"]
[Round "8.17"]
[White "Dietrich, Pawel"]
[Black "Szczygiel, Antoni"]
[Result "0-1"]
[WhiteTitle ""]
[BlackTitle ""]
[WhiteElo "1244"]
[BlackElo "1393"]

1. e4 d6 2. d4 g6 3. f4 Bg7 4. Nf3 c5 5. dxc5 Qa5+ 6. Bd2 Qxc5 7. Nc3 Nf6 8. Bb5+
Bd7 9. Bxd7+ Nbxd7 10. Qe2 O-O 11. Qe3 Qc7 12. O-O-O a6 13. h3 b5 14. g4 Rac8
15. Ne1 Nc5 16. f5 b4 17. Nd5 Nxd5 18. exd5 a5 19. fxg6 hxg6 20. Nd3 Nb3+ 0-1

[Event "III Miedzynarodowy Memorial Ireny Warakomskiej - Open C"]
[Site "Suwalki"]
[Date "2019.08.12"]
[Round "8.18"]
[White "Zapalowska, Wiktoria "]
[Black "Cwiek, Stefan"]
[Result "1/2-1/2"]
[WhiteTitle ""]
[BlackTitle ""]
[WhiteElo "1103"]
[BlackElo "1365"]

1. e4 e5 2. Nf3 Nc6 3. Bb5 a6 4. Ba4 Nge7 5. c3 g6 6. d4 exd4 7. cxd4 b5 8. Bc2
Bg7 9. O-O O-O 10. Re1 d6 11. h3 Bb7 12. Be3 Na5 13. Nbd2 Rc8 14. b4 Nac6 15.
a3 Qd7 16. Nf1 f5 17. Bg5 h6 18. Bxe7 Nxe7 19. exf5 Nxf5 20. Be4 Bxe4 21. Rxe4
Rce8 22. Rxe8 Rxe8 23. Rc1 Qf7 24. Qd2 Re7 25. Ne3 Nxe3 26. fxe3 Qe6 27. Re1 Qb3
28. Qc1 h5 29. e4 Qd3 30. Qe3 Qc2 1/2-1/2

[Event "III Miedzynarodowy Memorial Ireny Warakomskiej - Open C"]
[Site "Suwalki"]
[Date "2019.08.12"]
[Round "8.19"]
[White "Borowik, Grzegorz"]
[Black "Pajak, Radoslaw"]
[Result "0-1"]
[WhiteTitle ""]
[BlackTitle ""]
[WhiteElo "1123"]
[BlackElo "1343"]

1. d4 d5 2. Nf3 Nf6 3. c4 dxc4 4. Nc3 Bf5 5. Qa4+ Nc6 6. Qxc4 e6 7. a3 Be7 8. Bf4
a6 9. e3 O-O 10. Be2 Na5 11. Qa2 c5 12. O-O Nc6 13. Rfd1 cxd4 14. Nxd4 Nxd4 15.
Rxd4 Qa5 16. b4 Qb6 17. Bf3 Rac8 18. Na4 Qb5 19. Nc5 Bxc5 20. bxc5 Rxc5 21. Qd2
Rc2 22. Qd1 e5 23. Rb4 Qc5 24. Bg5 e4 25. Be2 b5 26. Bf4 Rc8 27. Rab1 Nd5 28.
Be5 Nxe3 29. Bd4 Nxd1 30. Bxc5 Nc3 31. Bf1 Nxb1 32. Rxb1 R2xc5 33. Rd1 h6 34.
h3 a5 35. g4 Be6 36. h4 h5 37. g5 Bg4 0-1

[Event "III Miedzynarodowy Memorial Ireny Warakomskiej - Open C"]
[Site "Suwalki"]
[Date "2019.08.12"]
[Round "8.20"]
[White "Chomicki, Kornel "]
[Black "Milewski, Mateusz"]
[Result "1/2-1/2"]
[WhiteTitle ""]
[BlackTitle ""]
[WhiteElo "1334"]
[BlackElo "1207"]

1. e4 e6 2. d4 d5 3. Nc3 Bb4 4. e5 c5 5. a3 Bxc3+ 6. bxc3 Ne7 7. Ne2 O-O 8. Ng3
Nbc6 9. Be3 Qa5 10. Qd2 cxd4 11. cxd4 Qxd2+ 12. Kxd2 Rd8 1/2-1/2